Teaching & learning special english
Đã lưu trong:
| 格式: | 图书 |
|---|---|
| 语言: | Undetermined |
| 出版: |
Thành Phố Hồ Chí Minh
Công ty An Hòa
2003
|
| 主题: | |
| 标签: |
添加标签
没有标签, 成为第一个标记此记录!
|
| Thư viện lưu trữ: | Trung tâm Học liệu Trường Đại học Cần Thơ |
|---|
| LEADER | 00512nam a2200181Ia 4500 | ||
|---|---|---|---|
| 001 | CTU_63780 | ||
| 008 | 210402s9999 xx 000 0 und d | ||
| 082 | |a 420.07 | ||
| 082 | |b T253/No.55 | ||
| 245 | 0 | |a Teaching & learning special english | |
| 260 | |a Thành Phố Hồ Chí Minh | ||
| 260 | |b Công ty An Hòa | ||
| 260 | |c 2003 | ||
| 650 | |a English language | ||
| 650 | |x Study and teaching | ||
| 904 | |i Qhieu sửa | ||
| 910 | |a Năm | ||
| 980 | |a Trung tâm Học liệu Trường Đại học Cần Thơ | ||